Statistics for 2011 Grammys

Click here to take the quiz!

General Stats

  • This quiz has been taken 3 times
  • The average score is 3 of 12

Answer Stats

HintAnswer% Correct
Best Pop AlbumThe Fame Monster by Lady Gaga
100%
Best New ArtistEsperanza Spalding
33%
Record Of The YearNeed You Now by Lady Antebellum
33%
Song of The YearNeed You Now by Lady Antebellum
33%
Best Country AlbumNeed You Now by Lady Antebellum
33%
Album of The YearThe Suburbs by Arcade Fire
33%
Best Alternative AlbumBrothers by The Black Keys
0%
Best Dance AlbumLaRoux by LaRoux
0%
Bast Latin AlbumParasit Express by Alejandro Sanz
0%
Best R&B AlbumRaymond V Raymond by Usher
0%
Best Rap AlbumRecovery by Eminem
0%
Best Rock AlbumThe Resistance by Muse
0%

Score Distribution

Percentile by Number Answered

Percent of People with Each Score

Your Score History

You have not taken this quiz